00452nam a2200157Ia 4500003000400000005001700004008004100021020002400062040002700086100001800113245002800131260001700159942001200176999001300188952009300201OSt20240217113848.0170523s9999 xx 000 0 und d a ‎ 978-0077091781 ciimt university meerut aDAVIES- DAVID 4aTHE ART OF MANAGING FIN bMC GRAW HILL 2ddcc02 c479d479 00102ddc4070a01b01d2017-06-01fDept. MBAp01-B-1642r2017-06-01w2017-06-01y02z